[Event "EU-chT 07th Final"]
[Site "Skara"]
[Date "1980.01.20"]
[Round "1.6"]
[White "Hartston, William R"]
[Black "Romanishin, Oleg M"]
[Result "1/2-1/2"]
[WhiteElo "2465"]
[BlackElo "2580"]
[Annotator "ChessBase"]
[PlyCount "68"]
[EventDate "1980.01.20"]
[EventType "team-tourn"]
[EventRounds "7"]
[EventCountry "SWE"]
[SourceTitle "EU-chT"]
[Source "ChessBase"]
[SourceDate "1999.07.01"]
[SourceVersion "2"]
[SourceVersionDate "1999.07.01"]
[SourceQuality "1"]
[WhiteTeam "England"]
[BlackTeam "Soviet Union"]
[WhiteTeamCountry "ENG"]
[BlackTeamCountry "URS"]

1. e4 e5 2. Bc4 Nf6 3. d3 c6 4. Nf3 d5 (4... Be7 5. O-O Qc7 (5... d6 6. h3 O-O
7. Re1 Nbd7 8. a4 a5 9. Nc3 h6 $2 (9... Nc5 10. Be3 Ne6 11. Nh4 g6) 10. Ba2 Re8
11. d4 Bf8 12. Be3 Qc7 13. Nh4 b6 14. dxe5 dxe5 15. Qf3 $16 {Vogt-Chekhov,
Halle 1981}) 6. Re1 O-O 7. Nbd2 (7. Bb3 Na6) 7... d5 8. Bb3 Nbd7 9. exd5 cxd5
10. c4 d4 11. Nxd4 Nc5 12. Nb5 Qd8 13. Rxe5 (13. Bc2 Nxd3 14. Bxd3 Qxd3 15.
Rxe5 Be6 $13) 13... Nxd3 14. Re2 Bc5 15. Nf3 Ng4 16. Be3 Nxe3 17. fxe3 Nf4 18.
Re1 Nd3 $10) 5. Bb3 (5. exd5 cxd5 6. Bb3 (6. Bb5+ Bd7 7. Bxd7+ Nbxd7 8. O-O Bd6
$10) 6... Bb4+ 7. c3 (7. Bd2 Bxd2+ 8. Nbxd2 Nc6 $10) 7... Bd6 8. Bg5 Be6 9. d4
e4 10. Ne5 Nbd7 $15 11. f4 exf3 12. Nxf3 Qc7 $17 {Adams-Steiner, USA 1941})
5... Bb4+ $5 (5... dxe4 6. Ng5 $1 Be6 7. Bxe6 $1 fxe6 8. Nxe4 Nxe4 9. dxe4
Qxd1+ 10. Kxd1 $14 {Honfi-Lukacs. Ungarn 1975}) 6. c3 (6. Bd2 Bxd2+ 7. Nbxd2
O-O 8. O-O Bg4 9. h3 Bxf3 10. Nxf3 dxe4 11. dxe4 Nbd7 $10) 6... Bd6 7. Nbd2 (7.
Bg5 dxe4 8. dxe4 Qe7 $10) 7... O-O 8. O-O Be6 9. Re1 Nbd7 10. Ng5 Bg4 11. f3
Bh5 12. Nf1 Nc5 13. Bc2 Ne6 14. Nxe6 fxe6 15. Be3 Bg6 16. Bf2 Nh5 17. Ng3 Nf4
18. Ne2 Qg5 19. Nxf4 exf4 20. b4 dxe4 21. dxe4 Rad8 22. Bd3 Be5 23. Qc2 Qf6 24.
Rac1 b6 25. Bc4 Bf7 26. a4 Rd7 27. a5 bxa5 28. bxa5 Rfd8 29. Red1 Rxd1+ 30.
Rxd1 Rxd1+ 31. Qxd1 Bxc3 32. a6 Qe7 33. Qb3 Bb4 34. Qa4 Bc5 1/2-1/2

[Event "Bundesliga 1976/77 North"]
[Site "Germany North"]
[Date "1977.01.09"]
[Round "4.1"]
[White "Kiffmeyer, Constanz"]
[Black "Pachman, Ludek"]
[Result "1/2-1/2"]
[WhiteElo "2320"]
[BlackElo "2485"]
[Annotator "ChessBase"]
[PlyCount "56"]
[EventDate "1976.10.10"]
[EventType "team-tourn"]
[EventRounds "7"]
[EventCountry "GER"]
[SourceTitle "EXT 1999"]
[Source "ChessBase"]
[SourceDate "1998.11.16"]
[SourceVersion "1"]
[SourceVersionDate "1998.11.16"]
[SourceQuality "1"]
[WhiteTeam "Hamburger SK"]
[BlackTeam "Kreuzberg Berlin"]
[WhiteTeamCountry "GER"]
[BlackTeamCountry "GER"]

1. e4 e5 2. Bc4 Nf6 3. d3 c6 4. Bb3 d5 5. Nf3 Bd6 6. Nc3 dxe4 7. Ng5 Bg4 8.
Bxf7+ Ke7 9. f3 exf3 10. gxf3 Bf5 11. Bb3 Rf8 12. Qe2 Kd7 13. Nf7 Qe7 14. Nxd6
Qxd6 15. Rg1 Bg6 16. Rg5 Na6 17. Be3 Nh5 (17... Rae8 18. O-O-O $16) 18. O-O-O
$18 {[#]} Nf4 19. Bxf4 (19. Qf1 $18) 19... exf4 20. d4 $16 Rae8 21. Ne4 (21.
Qg2 $16) 21... Bxe4 $11 22. Rxg7+ Kc8 23. fxe4 f3 24. Qe3 Rxe4 25. Qxe4 Qh6+
26. Kb1 Qxg7 27. Rf1 Nc7 28. Bc4 f2 1/2-1/2

[Event "Olympiad-29"]
[Site "Novi Sad"]
[Date "1990.11.29"]
[Round "11"]
[White "Inkiov, Ventzislav"]
[Black "Beliavsky, Alexander G"]
[Result "0-1"]
[WhiteElo "2510"]
[BlackElo "2605"]
[Annotator "ChessBase"]
[PlyCount "88"]
[EventDate "1990.11.17"]
[EventType "team-swiss"]
[EventRounds "14"]
[EventCountry "YUG"]
[SourceTitle "TD"]
[Source "ChessBase"]
[SourceDate "1994.03.01"]
[SourceVersion "1"]
[SourceVersionDate "1994.03.01"]
[SourceQuality "1"]
[WhiteTeam "Bulgaria"]
[BlackTeam "Soviet Union"]
[WhiteTeamCountry "BUL"]
[BlackTeamCountry "URS"]

1. e4 e5 2. Bc4 Nf6 3. d3 c6 4. Nf3 Be7 (4... d5 5. Bb3 dxe4 $2 6. Ng5 $1 {
Tischbierek-Beliavsky, Novi Sad ol (1)}) 5. Bb3 O-O 6. O-O (6. Nxe5 $4 Qa5+)
6... d6 7. Nbd2 Nbd7 8. c3 d5 9. Re1 Qc7 10. exd5 $5 (10. Nf1 {(P g3, <->f5)}
Nc5 11. Bc2 dxe4 12. dxe4 Rd8 13. Qe2 b6 $1 {P a6}) 10... cxd5 11. c4 d4 (11...
dxc4 $2 12. Nxc4 $16) (11... Bc5 12. cxd5 Qb6 13. Rf1 Ng4 14. Ne4 $16) 12. Nf1
(12. Nxd4 $5 Nc5 $5 (12... exd4 13. Rxe7 Qd6 14. Re1 Nc5 15. Nf1 Bf5 16. Bc2
$14) 13. Nb5 Qd8 14. Rxe5 Nxd3 $40) 12... Bb4 (12... b6 $2 13. Nxd4 $1) 13. Bd2
Bxd2 14. Qxd2 b6 15. Ng3 Bb7 16. Nh4 Nc5 (16... g6 $5) 17. Qg5 $1 Nfd7 (17...
Nxd3 18. Ngf5 Ne8 19. c5 $1 Nxe1 $140 20. Ne7+ Kh8 21. Nhg6+ $3 $18) 18. Ngf5
Ne6 19. Qg3 g6 {[#]} 20. c5 $1 Ndxc5 21. Bxe6 Nxe6 (21... fxe6 22. Nh6+ Kh8 23.
Ng4 $16) 22. Rac1 Qd8 $8 23. Nh6+ Kh8 24. Qxe5+ Ng7 25. Qe7 $6 (25. Rc7 $1 Bd5
(25... Qxh4 26. Nxf7+ Kg8 27. g3 $1 $8 Qh3 $8 28. Qxg7+ $1 Kxg7 29. Ng5+ Kg8
30. Nxh3 $16) 26. Re7 Re8 27. Qf6 Rxe7 28. Rxe7 Rc8 29. h3 Rc7 30. Rxf7 $5) (
25. Qf4 $5 Bd5 26. Nf3 {P g5[]}) (25. Nf3 f6 26. Qc7 $13) 25... Bd5 26. a3 Re8
27. Qxd8 Raxd8 28. g4 $6 (28. Nf3 $5) 28... Rxe1+ 29. Rxe1 Re8 30. Rc1 (30.
Rxe8+ Nxe8 {<->h4,h6}) 30... f6 $1 $17 31. Ng2 Ne6 32. Nf7+ $8 Kg7 33. Nd6 Rd8
34. Nb5 $2 (34. Ne4 $142 f5 {P g2, f4-d3}) 34... Rd7 $1 $19 {P 35...a6} 35. a4
Bxg2 36. Kxg2 Nf4+ 37. Kf1 Nxd3 38. Rc4 Nxb2 39. Rb4 d3 $1 40. Rxb2 d2 41. Nc3
d1=Q+ 42. Nxd1 Rxd1+ 43. Kg2 (43. Ke2 $142 Rd4 $2 (43... Rd5 $142 $1) 44. a5 $1
Rxg4 45. axb6 axb6 46. Kf3 $1 $10) 43... Rd5 (43... Rd4 $2 44. a5 $1) 44. Rb5
$6 Rd4 {45.a5 g4 46. f3 g5} 0-1

[Event "Haringey"]
[Site "London"]
[Date "1989.??.??"]
[Round "?"]
[White "Adams, Michael"]
[Black "Pergericht, Daniel"]
[Result "1-0"]
[WhiteElo "2505"]
[BlackElo "2325"]
[Annotator "ChessBase"]
[PlyCount "79"]
[EventDate "1989.07.??"]
[EventType "schev"]
[EventRounds "9"]
[EventCountry "ENG"]
[SourceTitle "CBM 014"]
[Source "ChessBase"]
[SourceDate "1990.02.01"]
[SourceVersion "1"]
[SourceVersionDate "1990.02.01"]
[SourceQuality "1"]

1. e4 e5 2. Bc4 Nf6 3. d3 c6 4. Qe2 Be7 5. Nf3 d6 (5... O-O 6. Bb3 d5 7. O-O
Bg4 8. h3 Bh5 9. Nbd2 Nbd7 10. c3 Re8 11. Rd1 Bd6 12. Nf1 Nc5 13. Ng3 Bg6 14.
Bc2 Ne6 $10 {Ubilava-Gulko/URS/1985/}) 6. O-O O-O 7. a4 Qc7 $6 {7...Nbd7} 8.
Nc3 Bg4 9. h3 Bh5 10. g4 $1 Bg6 11. Nh4 Kh8 12. Kh1 d5 $6 13. exd5 cxd5 14.
Bxd5 Nc6 15. Nxg6+ fxg6 16. Bg2 Nd4 17. Nb5 $1 Nxe2 18. Nxc7 Rac8 19. Ne6 Rfe8
20. c3 Nxc1 21. Raxc1 b6 $2 {>= 21...Bd6} 22. Bb7 Rb8 23. Bc6 Rec8 24. Bb5 h6
25. Rce1 Bd6 26. f4 $1 exf4 27. Nxf4 g5 28. Ne6 Ra8 29. Bc4 Re8 30. Kg2 a6 31.
Re2 Re7 32. Rfe1 Rb7 33. Ra1 Re7 34. Rf1 $1 Rae8 35. Rfe1 Ra8 36. Nd4 Rxe2+ 37.
Rxe2 b5 38. axb5 axb5 39. Nxb5 Bf4 40. Nd4 1-0

[Event "Liechtenstein op 13th"]
[Site "Liechtenstein"]
[Date "1995.??.??"]
[Round "8"]
[White "Tischbierek, Raj"]
[Black "Donev, Ivo Hristov"]
[Result "1-0"]
[WhiteElo "2520"]
[BlackElo "2385"]
[Annotator "Donev,I"]
[PlyCount "73"]
[EventDate "1995.05.??"]
[EventType "swiss"]
[EventRounds "9"]
[EventCountry "LIE"]
[SourceTitle "CBM 047"]
[Source "ChessBase"]
[SourceDate "1995.08.01"]
[SourceVersion "1"]
[SourceVersionDate "1995.08.01"]
[SourceQuality "1"]

1. e4 e5 2. Nf3 Nc6 3. Bc4 Nf6 4. d3 d5 5. exd5 Nxd5 6. O-O Bc5 7. Re1 O-O 8.
Nxe5 {Übliche Vortzetzung ist 8..Qh4 mit weißen Vorteil.} Nxe5 9. Rxe5 Bxf2+
$146 {Eine beachtliche neue Idee.} 10. Kxf2 (10. Kh1 Nb6 11. Bb3 Bd4 $10) (10.
Kf1 Qf6 11. Rxd5 (11. Bxd5 Bd4+ 12. Qf3 Bxe5 $19) 11... Be3+ 12. Qf3 Qxf3+ 13.
gxf3 Bxc1 $17) 10... Qh4+ (10... Qf6+ 11. Qf3 Qxe5 12. Bxd5 c6) 11. Kf1 (11. g3
Qxh2+ 12. Kf3 Nf6 $1 13. Qe1 Bg4+ 14. Ke3 Nd7 15. Re7 Qh6+ 16. Kf2 Qh2+ $10)
11... Qf6+ 12. Qf3 Qxe5 13. Bxd5 c6 14. Bb3 Qxh2 {Für zwei Leichtfiguren hat
Schwarz Turm und Bauer erhalten,ausserdem steht der weiße König gefärdet.Die
Chancen von Weiß liegen im Endspiel;er muß daher versuchen,die Dame zu
tauschen.Schwarz sucht sein Heil am Königsflügel, wo er zwei Bauern mehr hat.
Insgesamt sind die weiße Chancen etwas vorzuziehen.} 15. Be3 Be6 16. Bg1 Qh4
17. Nc3 (17. Nd2 $5) 17... a5 18. Re1 a4 19. Bf2 Qh1+ 20. Ke2 Qh6 21. Bxe6 (21.
Nxa4 $5 {Tischbierek} Bxb3 (21... Rfe8 22. Kd1 Bxb3 23. Rxe8+ (23. axb3 Rxe1+
24. Bxe1 b5 25. Nc3 Ra1+ 26. Ke2 Rc1 $10) 23... Rxe8 24. axb3) (21... Bd5 22.
Bxd5 cxd5 23. Nc3 Rfe8+ 24. Kd1 Rxe1+ 25. Bxe1 d4 26. Qxb7 Re8 $16) (21... Qg6
22. Kf1)) (21. Bxa4 Bxa2 22. b3 b5 23. Be3 (23. Nxa2 bxa4 24. bxa4 Qe6+ $19))
21... Rae8 22. Kd1 Rxe6 {Nicht in Frage kam:} (22... fxe6 $6 23. Qg3 a3 24.
bxa3 Qf6 25. Ne4 Qa1+ 26. Kd2 Qxa2 27. Bd4 $18 {Tischbierek}) 23. Ne4 (23. Nxa4
Rf6 24. Qg3 (24. Be3 Rxf3 25. Bxh6 Rg3 26. Bd2 b5 27. Nc5 Rxg2 $14) 24... Qf4
25. Qxf4 Rxf4 26. Bc5 Rxa4 27. Bxf8 Kxf8 $10) 23... f5 (23... Rfe8 24. g4 b5
25. Be3 Qg6 26. c3 $16 {/\Kc2}) 24. Nc5 (24. Bc5 Rf7 $14) 24... Rxe1+ 25. Bxe1
Qf6 $2 $138 {Ein Zeitnotfehler.} (25... b5 $142 $14 26. c3 (26. d4 Qd6 27. c3
Qd5 28. Qxd5+ cxd5) 26... Re8 (26... Qd6 27. d4) 27. Qxf5 (27. d4 f4 28. Bf2 g5
$14) (27. Bd2 $5 $14) 27... Qh1 28. Qf2 (28. Ne4 Qxg2 29. Qd7 Qg6 $13) 28...
Qh5+ (28... Rxe1+ 29. Qxe1 Qh5+ 30. g4 Qxc5 31. Qe8+ Qf8 $14) 29. Kd2 Qg5+ 30.
Kc2 Rxe1 31. Qxe1 Qxc5 32. Qe8+ Qf8 $14) (25... a3 $6 26. bxa3 Qf6 27. c3 $16)
(25... g5 $6 26. Bc3 g4 27. Qg3 $18) 26. Nd7 $18 Qxb2 27. Nxf8 Qb1+ 28. Ke2
Qxc2+ 29. Kf1 Kxf8 30. Qxf5+ Kg8 31. Qe6+ Kf8 32. Bb4+ c5 33. Qc8+ Kf7 34.
Qxb7+ Ke6 35. Qc6+ Kf7 36. Qd5+ Kg6 37. Bxc5 1-0

[Event "Olympiad-40"]
[Site "Istanbul"]
[Date "2012.09.09"]
[Round "11.3"]
[White "Karjakin, Sergey"]
[Black "Fridman, Daniel"]
[Result "1-0"]
[WhiteElo "2785"]
[BlackElo "2653"]
[Annotator "Erenburg,S"]
[PlyCount "119"]
[EventDate "2012.08.28"]
[EventType "team-swiss"]
[EventRounds "11"]
[EventCountry "TUR"]
[SourceTitle "CBM 151"]
[Source "ChessBase"]
[SourceDate "2012.11.13"]
[SourceVersion "1"]
[SourceVersionDate "2012.11.13"]
[SourceQuality "1"]
[WhiteTeam "Russia"]
[BlackTeam "Germany"]
[WhiteTeamCountry "RUS"]
[BlackTeamCountry "GER"]

1. e4 e5 2. Bc4 Nf6 3. d3 c6 4. Nf3 d5 5. Bb3 Bb4+ {Recently, this
continuation has become almost as popular as 5...Bd6. The idea is that Black
completes the development and provokes White to play c2-c3, which would grab
the c3-square from the queenside knight.} 6. Bd2 ({Karjakin won another nice
game after} 6. c3 Bd6 7. Bg5 dxe4 8. dxe4 O-O 9. O-O Qe7 $6 (9... h6 10. Bh4
Qe7 11. Nbd2 Na6 $11) 10. Nh4 $1 Na6 11. Nd2 Nc5 12. Qf3 Nxb3 13. axb3 Bc7 14.
Nf5 Qe6 (14... Bxf5 $142 $14) 15. Bh6 $1 Nxe4 16. Qg4 g6 17. Nxe4 $18 {1-0
Karjakin,S (2772)-Efimenko,Z (2703)/Poikovsky 2011/CBM 145 (29)}) 6... Bxd2+ 7.
Qxd2 O-O {Black decides to complete the development. Before this game, Black
has not experienced problems in this line. The other attempts to equalise are:}
(7... Qd6 8. Qg5 Nbd7 (8... O-O 9. Qxe5 Qxe5 10. Nxe5 dxe4 11. d4 c5 (11... Bf5
12. O-O Na6 13. f3 $14) 12. dxc5 Nbd7 13. Nxd7 Nxd7 14. Nc3 Nxc5 15. Bd5 Be6
16. Bxe6 Nxe6 17. Nxe4 Rad8 18. Rd1 $14 {1-0 Leko,P (2741)-Gelfand,B (2723)/
Yerevan 2008/CBM 124 Extra (62)}) 9. exd5 (9. Qxg7 Rg8 10. Qh6 a5 $1 11. a3
Rxg2 $15 {[%cal Yf6e4]}) 9... cxd5 10. Nc3 (10. Nh4 $1 g6 (10... Qb4+ 11. c3
Qg4 12. Qxg4 Nxg4 13. Bxd5 Nc5 14. Ke2 Nf6 15. Bc4 $14) 11. O-O $36) 10... O-O
11. O-O h6 12. Qg3 Nh5 (12... d4 13. Ne4 Nxe4 14. dxe4 Re8 {[%cal Yd7c5]} 15.
Rad1 Qe7 $11) 13. Qh4 Nf4 14. Rae1 g5 15. Qg3 Kh8 16. h4 $14 {0-1 Bologan,V 
(2686)-Vovk,Y (2539)/Warsaw POL 2010/The Week in Chess 841 (69)}) (7... Nbd7 8.
Nc3 (8. exd5 $5 cxd5 9. O-O O-O 10. Re1 $14 {[%cal Yb1c3]}) 8... dxe4 9. Ng5
O-O 10. Ngxe4 Nxe4 11. Nxe4 Re8 12. O-O Nf6 13. Nxf6+ Qxf6 14. Rae1 Be6 15. Qc3
Bxb3 16. axb3 Qd6 17. Re4 Re6 18. Rfe1 Rae8 $11 {1-0 Predojevic,B (2615)-Saric,
A (2505)/Rijeka 2008/CBM 127 Extra (48)}) 8. Nxe5 Qe7 (8... Re8 9. f4 Nbd7 10.
Nxd7 Nxd7 11. O-O $14) (8... dxe4 9. Nxf7 Rxf7 10. dxe4 Qe7 11. Bxf7+ Kxf7 12.
f3 $14) 9. f4 dxe4 10. d4 $1 $146 {Karjakin's innovation makes perfect sense.
Black is left with his outlier-pawn, so unless he comes up with some
counterplay, White will win that pawn.} ({White got nothing after} 10. O-O exd3
11. Nxd3 (11. Qxd3 Nbd7 $11) 11... Bf5 12. Re1 Qc7 13. Nc3 Nbd7 $11 {1/2-1/2
Enescu,C (2381)-Vinchev,S (2351)/ICCF email 2008/Corr 2011 (22)}) 10... Nd5 (
10... Nbd7 11. O-O Nb6 12. Nc3 (12. c4 $5) 12... Bf5 13. Nd1 $5 $14 {[%cal
Yd1e3]} (13. Qe2 a5 14. a3 Nfd5 $13)) 11. O-O f6 12. Nc4 Kh8 $6 {This turned
out to be too slow. It was better to try to build up a stable centre by} (12...
f5 13. Ne5 Be6 {[%cal Yb8d7]} 14. c4 Nb6 $11) 13. Nc3 $1 Nxc3 (13... Rd8 14. f5
$1 $14) (13... f5 $2 14. Nxd5 cxd5 15. Ne3) 14. Qxc3 f5 15. Ne5 Be6 16. Qh3 $1
{[%csl Re4][%cal Yg2g4,Ge5g6] Now White is set to blow up Black's pawn
construction.} Kg8 $2 ({A better move was} 16... Rf6 $1 17. Bxe6 (17. Qh4 Kg8
18. c4 Nd7 19. Rad1 Bf7 $11 {[%cal Yc6c5]}) 17... Qxe6 18. Rfd1 Nd7 19. Qb3 $1
Nb6 20. c4 $14) 17. g4 $6 (17. Rae1 $1 {might have been even stronger! Now
Black is paralysed.} Bd5 (17... Nd7 18. Rxe4 Bxb3 19. Qxb3+ $18) 18. g4 fxg4
19. Qxg4 Kh8 20. c4) 17... fxg4 18. Qxg4 Bxb3 19. axb3 Na6 20. Rae1 {White is
simply grabbing a pawn.} Nc7 21. Rxe4 Ne8 22. Qd7 {Probably, it was a good
idea to exchange queens, given that White's king is a little more vulnerable
than its counterpart.} Qxd7 23. Nxd7 Rf7 24. Ne5 Re7 25. Ree1 Nd6 26. Nd3 $16 {
Although White is a pawn up, some work still needs to be done to convert it
into victory. Black's best shot is of course the RR endgame, so Fridman is
more than willing to trade the knights. Karjakin, on the other hand, would
like to trade rooks, since the NN endgame is considered to be very similar to
the PP endgame, and so the chances of the side with the material advantage are
very good.} Rf7 {Following the strategy of keeping the rooks on the board.} 27.
c3 Raf8 28. Re6 Nb5 {Bringing the knight to d5 via c7.} 29. Rfe1 g6 30. Kg2 {
No endgame can be won without an active king.} Nc7 31. Re7 Nd5 32. Rxf7 Rxf7 {
One pair of rooks down.} 33. Re8+ Kg7 34. Kg3 Nf6 35. Rb8 Ne4+ 36. Kg2 Kh6 {
Black has nothing better than to follow the waiting strategy and try to trade
the knights. White, on the other hand, other than exchanging rooks, would like
to bring his king to the centre and create a passed d-pawn by exchanging one
of his doubled pawns for Black's c6-pawn.} 37. b4 Kh5 38. Re8 Nd6 39. Re3 $6 {
Missing the chance to get a passed pawn.} (39. Rd8 Ne4 40. b5 $1 cxb5 41. Rd5+
$16) 39... Nf5 40. Re5 a6 {Preventing White's b4-b5.} 41. h3 {Limiting the
black monarch.} h6 {Black would like to carry out g6-g5 and take on g5 with
the pawn, so that the f4-square would be covered.} 42. Nf2 $6 {A little too
passive. White needed his knight be ready to go to e5.} ({The interesting way
to prevent Black's idea was} 42. Re8 Nh4+ 43. Kf2 Nf5 44. Ne5 $16) 42... g5 43.
fxg5 Nh4+ 44. Kf1 hxg5 45. Re8 Ng6 46. Re3 Nf4 $14 {Black's pieces have become
a lot more active and now it's not that easy for White to make any progress.}
47. Kg1 Nd5 (47... Kh4 $5 {was worth consideration:} 48. Kh2 Nd5 49. Re4+ Rf4
50. Rxf4+ Nxf4 51. c4 $14) 48. Re8 Nf4 49. Kh2 Kg6 {Preparing the h-file for
the rook.} 50. Re5 Rh7 51. Kg3 Nh5+ 52. Kg4 Nf6+ 53. Kf3 Nd5 54. Re6+ Kf5 55.
Rd6 Nf4 $4 ({After} 55... Nf6 $1 $14 {it would not be easy for White to win
the game.}) 56. Ne4 $1 $18 {[%cal Ye4g3] White is going to win some more
material, which finishes off the battle.} Ne6 (56... Nh5 57. d5 Rc7 58. Rd8 $18
{[%cal Yd5d6]}) 57. Rxe6 Rxh3+ 58. Kg2 Re3 59. Re5+ Kf4 60. Nc5 1-0